00586nam a2200169Ia 4500008004100000020001800041041000800059082001800067100004700085245002200132250000600154260005100160300001800211650003600229999001900265952013200284210716s2014 xx 000 0 und d a9788183714570 aeng a621.3821 PATP aPatra, Prashanta Kumar;Dash, Sanjit Kumar. aMobile computing. a2 aNew DelhibScitech Publications Pvt Ltd.c2014 a22.15;A29;I10 aCommunication Network(621.3821) c194587d194587 001040708MCAaAIMITbAIMITeKnowledge Worldg400.00l0o621.3821 PATPpMCA14095r2025-07-21 00:00:00v300.00w2021-07-16yBK